Wszyscy zwycięzcy Ligi Mistrzów - nagła śmierć - Statystyki

Ogólne statystyki
  • Ten quiz został rozwiązany 1 086 razy
    1 056 od ostatniego zresetowania
  • Średni wynik to 11 z 23
Answers on the Grid
Answers color-coded by a green-red scale on the quiz's grid according to % correct below.
RB Lipsk
Juventus
FC Porto
Twente
Celtic Glasgow
Schalke 04
Sporting
Tottenham Hotspur
Real Madryt
Benfica
SC Braga
Zenit Petersburg
Valencia
Olympique Lyon
Napoli
Nottingham Forest
PSV
AC Milan
CSKA Moskwa
Rangers Glasgow
FC Steaua Bukareszt
PSG
Borussia Dortmund
Chelsea
Sevilla
Liverpool
Feyenoord
Arsenal
Bayer Leverkusen
Manchester City
Inter Mediolan
Olympique Marsylia
AS Roma
AZ
AS Monaco
Fiorentina
Hamburger SV
Aston Villa
Bayern Monachium
Szachtar Donieck
Wolfsburg
Manchester United
Crvena Zvezda
Ajax Amsterdam
Atalanta Bergamo
FC Barcelona
 
Statystyki odpowiedzi
Odpowiedź % Poprawnych
Juventus
82%
Real Madryt
79%
FC Porto
76%
AC Milan
64%
FC Barcelona
50%
Chelsea
49%
Nottingham Forest
49%
Celtic Glasgow
48%
Manchester United
48%
Bayern Monachium
47%
Benfica
47%
Liverpool
47%
Inter Mediolan
45%
Manchester City
45%
Ajax Amsterdam
43%
Borussia Dortmund
40%
FC Steaua Bukareszt
36%
Olympique Marsylia
32%
PSV
32%
Crvena Zvezda
31%
Hamburger SV
27%
Aston Villa
26%
Feyenoord
22%
Nie znaleziono quizów pasujących do podanych kryteriów
Rozkład punktacji
Procent ludzi z każdym wynikiem
Percentyl według liczby udzielonych odpowiedzi
Twoja historia wyników
Nie rozwiązałeś tego quizu od ostatniego zresetowania